Top 100 Rock Songs of the '90s - Statistics

General Stats
  • This quiz has been taken 274 times
    261 since last reset
  • The average score is 36 of 100
Answer Stats
Band Song % Correct
Nirvana Smells Like Teen Spirit
95%
Oasis Wonderwall
90%
Radiohead Creep
86%
Pearl Jam Black
75%
The Cranberries Zombie
75%
Metallica Enter Sandman
73%
Green Day Basket Case
70%
Red Hot Chili Peppers Under The Bridge
69%
SoundGarden Black Hole Sun
67%
Guns N' Roses November Rain
65%
U2 One
65%
Red Hot Chili peppers Californication
62%
Nirvana Come As You Are
61%
Foo Fighters Everlong
61%
R.E.M. Losing My Religion
61%
Blur Song 2
61%
Smash Mouth All Star
59%
Weezer Buddy Holly
59%
Goo Goo Dolls Iris
59%
Pearl Jam Jeremy
58%
Smashing Pumpkins 1979
57%
Beck Loser
55%
Nirvana Heart Shaped Box
54%
Rage Against The Machine Killing in the Name
51%
The Verve Bitter Sweet Symphony
50%
AC/DC Thunderstruck
48%
Pearl Jam Even Flow
47%
Alanis Morissette Ironic
46%
Metallica Nothing Else Matters
46%
Pearl Jam Alive
43%
No Doubt Don't Speak
43%
Alice In Chains Man In The Box
40%
Counting Crows Mr. Jones
40%
Blind Melon No Rain
40%
Weezer Say It Ain't So
40%
Third Eye Blind Semi Charmed Life
40%
Sinead O' Connor Nothing Compares 2 U
39%
The Cure Friday I'm In Love
38%
The Cranberries Linger
38%
Blink 182 All The Small Things
37%
Korn Freak on a Leash
37%
Red Hot Chili Peppers Give It Away
37%
Stone Temple Pilots Interstate Love Song
37%
Alice in Chains Rooster
37%
Smashing Pumpkins Bullet With Butterfly Wings
36%
Oasis Champagne Supernova
35%
Semisonic Closing Time
35%
Spin Doctors Two Princes
35%
Soul Asylum Runaway Train
34%
Alanis Morrissette You Oughta Know
34%
Nine Inch Nails Closer
33%
Temple of the Dog Hunger Strike
33%
Chumbawamba Tubthumping
33%
Alice In Chains Would?
33%
Live Lightning Crashes
31%
Stone Temple Pilots Plush
31%
Rage Against The Machine Bulls On Parade
30%
Green Day Good Riddance
30%
Santana & Rob Thomas Smooth
30%
Eric Clapton Tears In Heaven
30%
Red Hot Chili Peppers Scar Tissue
29%
Radiohead Karma Police
28%
Weezer Sweater Song
28%
Lenny Kravitz Are You Gonna Go My Way
27%
R.E.M. Everybody Hurts
27%
Extreme More Than Words
27%
Nirvana All Apologies
26%
Green Day Longview
26%
The Cardigans Lovefool
26%
Metallica The Unforgiven
26%
Creed Higher
25%
Barenaked Ladies One Week
25%
Sublime What I Got
25%
New Radicals You Get What You Give
24%
Collective Soul Shine
21%
Radiohead Paranoid Android
20%
The Breeders Cannonball
19%
Bryan Adams (Everything I Do) I Do It For You
19%
Aerosmith I Don't Want to Miss a Thing
19%
Bon Jovi Always
18%
Smashing Pumpkins Disarm
18%
Jane's Addiction Been Caught Stealing
16%
Dave Matthews Band Crash Into Me
16%
Guns N' Roses Don't Cry
16%
Candlebox Far Behind
16%
Sheryl Crow All I Wanna Do
14%
Pearl Jam Better Man
14%
Oasis Live Forever
13%
U2 Mysterious Ways
11%
Black Crowes She Talks To Angels
11%
Dave Matthews Band Ants Marching
9%
Robbie Williams Angels
8%
Bon Jovi Bed of Roses
8%
Creed My Own Prison
7%
Bruce Springsteen Streets of Philadelphia
6%
Beck Where It's At
6%
Pink Floyd High Hopes
5%
Bryan Adams Please Forgive Me
3%
Scorpions Send Me An Angel
3%
Eagles Love Will Keep Us Alive
2%
No matching quizzes found
Score Distribution
Percent of People with Each Score
Percentile by Number Answered
Your Score History
You have not taken this quiz since the last reset